| 000 | 01040 a2200265 4500 | ||
|---|---|---|---|
| 001 | 53329 | ||
| 005 | 20260407155807.0 | ||
| 008 | 260407a2021 arg spa d | ||
| 003 | AR-UNSa-BCEJYS | ||
| 040 |
_aAR-UNSa-BCEJYS _bspa _cAR-UNSa-BCEJYS |
||
| 080 |
_a343(094.7) _xJurisprudencia de Derecho Penal |
||
| 245 | 1 | 0 | _aFallos de la Corte de Justicia de Salta |
| 264 | 1 |
_aSalta : _b[s.n.] _c2021 |
|
| 300 |
_a3 v. (200 ; 219 ; 419 p.) _c21 cm. |
||
| 505 | _aVol. I: Derecho Penal. Parte general. Reseña temática -- Vol. II: Derecho Penal. Parte especial. Reseña temática -- Vol. III: Derecho Procesal Penal. Reseña temática | ||
| 041 | _aspa | ||
| 942 | _cBK | ||
| 590 | _aniveau_biblio:m niveau_hierar:0 | ||
| 100 | 1 | _aSalta. Poder Judicial | |
| 700 | 1 | _aCatalano, Guillermo Alberto | |
| 700 | 1 | _aZenteno Núñez, Marcelo Francisco | |
| 700 | 1 | _aSosa Vallejo, Jorge Raúl | |
| 700 | 1 | _aGillieri, Fernando Alfredo | |
| 856 | 4 | 1 |
_uhttps://www.biblioeco.unsa.edu.ar/pmb/images/libros/L128413.jpg _yImagen de portada _qimage/jpeg |
| 999 |
_c5185 _d5185 |
||